<?xml version="1.0" encoding="UTF-8"?>
<record
    xmlns:xsi="http://www.w3.org/2001/XMLSchema-instance"
    xsi:schemaLocation="http://www.loc.gov/MARC21/slim http://www.loc.gov/standards/marcxml/schema/MARC21slim.xsd"
    xmlns="http://www.loc.gov/MARC21/slim">

  <leader>00378nam a2200145Ia 4500</leader>
  <controlfield tag="008">150201s2006    xx            000 0 und d</controlfield>
  <datafield tag="082" ind1=" " ind2=" ">
    <subfield code="a">616.01</subfield>
    <subfield code="b">M2006G</subfield>
  </datafield>
  <datafield tag="100" ind1=" " ind2=" ">
    <subfield code="a">GUPTE,SATISH</subfield>
  </datafield>
  <datafield tag="245" ind1=" " ind2=" ">
    <subfield code="a">THE SHORT TEXT BOOK OF MEDICAL MICROBIOLOGY</subfield>
  </datafield>
  <datafield tag="250" ind1=" " ind2=" ">
    <subfield code="a">9TH</subfield>
  </datafield>
  <datafield tag="260" ind1=" " ind2=" ">
    <subfield code="b">JAYPEE MEDICAL PUBLISHER</subfield>
    <subfield code="a">DELHI</subfield>
    <subfield code="c">2006</subfield>
  </datafield>
  <datafield tag="300" ind1=" " ind2=" ">
    <subfield code="a">1-509</subfield>
  </datafield>
  <datafield tag="650" ind1=" " ind2=" ">
    <subfield code="a">MICROBIOLOGY</subfield>
  </datafield>
  <datafield tag="942" ind1=" " ind2=" ">
    <subfield code="2">ddc</subfield>
    <subfield code="c">BK</subfield>
    <subfield code="0">2</subfield>
  </datafield>
  <datafield tag="952" ind1=" " ind2=" ">
    <subfield code="0">0</subfield>
    <subfield code="1">0</subfield>
    <subfield code="2">ddc</subfield>
    <subfield code="4">0</subfield>
    <subfield code="7">0</subfield>
    <subfield code="a">FD</subfield>
    <subfield code="b">FD</subfield>
    <subfield code="d">2007-01-15</subfield>
    <subfield code="e">U.B.S.DELHI</subfield>
    <subfield code="g">295.00</subfield>
    <subfield code="h">1</subfield>
    <subfield code="i">SGTU</subfield>
    <subfield code="l">3</subfield>
    <subfield code="o">616.01 M2006G</subfield>
    <subfield code="p">FD4368</subfield>
    <subfield code="r">2025-04-19 00:00:00</subfield>
    <subfield code="s">2025-04-19</subfield>
    <subfield code="w">2012-08-22</subfield>
    <subfield code="y">BK</subfield>
    <subfield code="k">1048</subfield>
  </datafield>
  <datafield tag="952" ind1=" " ind2=" ">
    <subfield code="0">0</subfield>
    <subfield code="1">0</subfield>
    <subfield code="2">ddc</subfield>
    <subfield code="4">0</subfield>
    <subfield code="7">0</subfield>
    <subfield code="a">FD</subfield>
    <subfield code="b">FD</subfield>
    <subfield code="d">2007-01-15</subfield>
    <subfield code="e">U.B.S.DELHI</subfield>
    <subfield code="g">295.00</subfield>
    <subfield code="h">1</subfield>
    <subfield code="i">SGTU</subfield>
    <subfield code="l">2</subfield>
    <subfield code="o">616.01 M2006G</subfield>
    <subfield code="p">FD4369</subfield>
    <subfield code="r">2022-05-02 00:00:00</subfield>
    <subfield code="s">2022-05-02</subfield>
    <subfield code="w">2012-08-22</subfield>
    <subfield code="y">BK</subfield>
    <subfield code="k">1048</subfield>
  </datafield>
  <datafield tag="999" ind1=" " ind2=" ">
    <subfield code="c">3652</subfield>
    <subfield code="d">3652</subfield>
  </datafield>
</record>
